000 00466nam a2200169Ia 4500
003 OSt
005 20260306150652.0
008 211028s2009 xx 000 0 und d
040 _cAIMIT LIBRARY
041 _aeng
100 _aT D, Sindhuja; Uchil, Pavithra.
_g60471456
_93075
110 _aHemalatha.
_93076
245 _aPolice administration software /
260 _aMangalore
_c2009
710 _aHewlett Packard Global Soft Limited
_93077
942 _2ddc
_cPRO
999 _c217110
_d217110